000 00204 a2200097 4500
001 1739
100 _aBinns,H.
245 _aExamples in engineering drawing
260 _a
_bE.U.P.
_c
090 _c1275
_d1275
942 _aNUST-CAE
_cM
_c3058
999 _c236812
_d236812